The Roman Empire at bay ad 180-395
Guardat en:
| Autor principal: | |
|---|---|
| Format: | Llibre |
| Idioma: | anglès |
| Publicat: |
Londres
Routledge
2004
|
| Edició: | 1a. ed |
| Col·lecció: | Routledge History of the Ancient World
|
| Matèries: | |
| Etiquetes: |
Afegir etiqueta
Sense etiquetes, Sigues el primer a etiquetar aquest registre!
|
MARC
| LEADER | 00000nam a2200000 a 4500 | ||
|---|---|---|---|
| 001 | UCH5887 | ||
| 003 | CL-VaPUC | ||
| 008 | 091105e20040000UK |||||||||||||||||eng|d | ||
| 020 | |a 9780415100571 | ||
| 082 | 0 | 4 | |a 937 |b POT |2 21 |
| 100 | 0 | |a Potter, David S |e author |9 542281 | |
| 245 | 1 | 4 | |a The Roman Empire at bay ad 180-395 |
| 250 | |a 1a. ed | ||
| 300 | |a 762 p | ||
| 942 | |c BK | ||
| 945 | |d 20091105 00:00:00 |a rbrito | ||
| 260 | |a Londres |b Routledge |c 2004 | ||
| 650 | 7 | |a HISTORIA DE ROMA ANTIGUA |2 CL-VaPUC |9 541459 | |
| 650 | 0 | |a Historia antigua |9 267521 | |
| 650 | 0 | |a Imperio Romano |9 322785 | |
| 651 | 0 | |a Roma |9 255106 | |
| 583 | |a last modification |c 20091105 00:00:00 |k Rodrigo Vera | ||
| 490 | 0 | |a Routledge History of the Ancient World | |
| 999 | |c 336922 |d 336920 | ||
| 952 | |0 0 |1 0 |4 0 |6 937_000000000000000_POT_2004 |7 0 |8 A |9 428989 |a BIBHIS |b BIBHIS |d 2019-11-22 |i 4614046 |o 937 POT 2004 |p 4614046 |r 2025-01-20 |w 2019-11-22 |y BK |k HIS | ||